Представление документа в формате RUSMARC

ПолеНазваниеЗначение
  Тип записи a
  Библиографический уровень m
001 Контрольный номер RU/IS/BASE/556905771
005 Дата корректировки 20220614145618.8
010 Индекс ISBN __
a ISBN 978-5-9567-2225-1 (в пер.)
d Цена 440-09
100 Данные общей обработки __
a Данные общей обработки 19170824d2017||||||| 0rusy0189 ca
101 Язык документа 0_
a Язык текста rus
102 Страна публикации __
a Страна публикации ru|
105 Кодированные данные (монография) __
a Кодированные данные (монография) ao||e|||000zy
200 Заглавие и сведения об ответственности 1_
a Заглавие Эти удивительные корабли
e Сведения, относящиеся к заглавию [детская энциклопедия]
f Первые сведения об ответственности [редакторы: Феданова Ю., Скиба Т.]
b Общее обозначение материала Текст
210 Выходные данные 1_
a Место издания Ростов-на-Дону
c Издательство Владис
d Дата издания 2017
215 Физическое описание __
a Объем 64 с.
c Иллюстрации/тип воспроизводства ил., фот.
d Формат 30 см
225 Серия 2_
a Серия Эти удивительные
300 Общие примечания __
a Общие примечания 2500 экз.
330 Аннотация __
a Аннотация Отправляйся вместе с нами в увлекательное путешествие по водным просторам нашей планеты! На страницах этой книги ты узнаешь, на каких судах плавали наши предки, когда появился морской флот России, познакомишься с боевыми кораблями древних греков и пиратов, и, конечно, с новейшими моделями гражданских и грузовых судов, военных кораблей и подводных лодок. Вперёд, к новым знаниям!
606 Тематические рубрики __
a Основная рубрика Военное дело
606 Тематические рубрики __
a Основная рубрика Военная техника в целом
y Географическая подрубрика Российская Федерация
y Географическая подрубрика Россия
y Географическая подрубрика РФ
610 Ключевые слова 0_
a Ключевые слова авианосцы
a Ключевые слова атомные подводные лодки
a Ключевые слова бригантины
a Ключевые слова военная техника
a Ключевые слова военные корабли
a Ключевые слова детская литература
a Ключевые слова история кораблей
a Ключевые слова контейнеровозы
a Ключевые слова кораблекрушения
a Ключевые слова корабли
a Ключевые слова крейсеры
a Ключевые слова линкоры
a Ключевые слова лодки
a Ключевые слова морские сражения
a Ключевые слова парусные суда
a Ключевые слова парусный флот
a Ключевые слова пиратские корабли
a Ключевые слова подводные лодки
a Ключевые слова познавательная литература
a Ключевые слова речные суда
a Ключевые слова спортивные суда
a Ключевые слова суда на воздушной подушке
a Ключевые слова танкеры
a Ключевые слова триеры
686 Индексы других классификаций __
2 Код системы rubbks
a Классификационный индекс мл68я2
702 Вторичная интеллектуальная ответственность _1
a Фамилия Феданова
b Имя Ю.
4 Код отношения Редактор
4 Код отношения 340
702 Вторичная интеллектуальная ответственность _1
a Фамилия Скиба
b Имя Т.
4 Код отношения Редактор
4 Код отношения 340
801 Источник записи _0
a Страна ru
b Организация Муниципальное бюджетное учреждение культуры "Централизованная библиотечная система" г. Сургут (Центральная городская библиотека им. А. С. Пушкина)
c Дата составления 20170824
g Правила каталогизации RCR
801 Источник записи _1
a Страна ru
b Организация Муниципальное бюджетное учреждение культуры "Централизованная библиотечная система" г. Сургут (Центральная городская библиотека им. А. С. Пушкина)
c Дата составления 20170824
g Правила каталогизации RCR
852 Данные о местонахождении __
j Шифр хранения мл68я2
i Авторский знак Э 90
901 Тип документа __
t Тип документа m
a Ответственный КиК/Апакова
903 Характеристики (МАРС) __
a Дата передачи 20170824
969 Тип издания __
a Тип издания энциклопедия; издание для детей
990 Данные о заказе (DOS) __
j Количество экземпляров (DOS) 8
t N записи в КСУ для И/У (DOS) 201708